Crack CSAT IAS prelims paper 1/ (Record no. 84333)

MARC details
000 -LEADER
fixed length control field 00585nam a22001937a 4500
005 - DATE AND TIME OF LATEST TRANSACTION
control field 20140715122443.0
010 ## - LCCN (DPL NO)
LC control number ENG-110025
020 ## - INTERNATIONAL STANDARD BOOK NUMBER
International Standard Book Number 9789383379668
Terms of availability 680.00
035 ## - SYSTEM CONTROL NUMBER
System control number EN-93558
037 ## - SOURCE OF ACQUISITION
Source of stock number/acquisition DBAD/PUB
082 ## - DEWEY DECIMAL CLASSIFICATION NUMBER
Classification number 000
245 ## - TITLE STATEMENT
Title Crack CSAT IAS prelims paper 1/
Statement of responsibility, etc edited by Veer Kumar...[et al]
250 ## - EDITION STATEMENT
Edition statement 2nd ed
260 ## - PUBLICATION, DISTRIBUTION, ETC. (IMPRINT)
Place of publication, distribution, etc New Delhi
Name of publisher, distributor, etc Disha Publication
Date of publication, distribution, etc (201?)
270 ## - ADDRESS
Address B-32, Shivalik Main Road, Maliviya Nagar
City New Delhi
Postal code 110017
300 ## - PHYSICAL DESCRIPTION
Extent various pagings :
Other physical details 26cm(pbk)
Dimensions ill.
700 ## - ADDED ENTRY--PERSONAL NAME
Personal name Veer Kumar
942 ## - ADDED ENTRY ELEMENTS (KOHA)
Source of classification or shelving scheme Dewey Decimal Classification
Item type English Books
Call number suffix CRA
Classification part 000
Holdings
Withdrawn status Lost status Not for loan Collection code Home library Current library Date acquired Source of acquisition Cost, normal purchase price Full call number Barcode Copy number Cost, replacement price Koha item type
    Not For Loan Non-fiction D.B.Act.Division D.B.Act.Division 20/05/2014 DBAD/PUB 680.00 000 CRA EN-93558 1 680.00 English Books

© Delhi Public Library
Hit Counter
free hit counter